000 00549nam a22001817a 4500
003 MPLRDC
005 20220104160726.0
008 210129b ||||| |||| 00| 0 eng d
020 _a7-80190-646-2
082 _a730.28 DYSG
100 _a中国, 日本, 韩国三国学者与教师共同编著
245 _a东亚三国的近现代史
_c(东亚三国的近现代史)共同编写委员会
250 _a初版
260 _a中国
_b社会科学文献出版社
_c2005
300 _b
650 _a亚洲现代史
942 _cBK
_o730.28 DYSG
999 _c55141
_d55131